| 000 | 00775nam a22002177a 4500 | ||
|---|---|---|---|
| 999 |
_c15264 _d15264 |
||
| 003 | AR-CdUCM | ||
| 008 | 190401b ||||| |||| 00| 0 spa d | ||
| 040 |
_aMUNICIPALIDAD PROVINCIAL DEL CUSCO _cBIBLIOTECA MUNICIPAL DEL CUSCO |
||
| 082 |
_aEP / 888.5 / _bZ35 |
||
| 100 |
_aZapata Santillana, Everardo _927530 |
||
| 245 | _aFabulas de esopo / | ||
| 260 |
_aLima : _bCoquito, |
||
| 300 |
_a94 páginas ; _bimágenes. _c28 cm. |
||
| 505 | _aContenido: El zorro y el cuervo -- El león apresado y el labrador -- La coneja fugitiva -- El labrador y la fortuna -- Diógenes y el vadeador... | ||
| 650 |
_aFábulas _94606 |
||
| 650 |
_aCuentos. _9217 |
||
| 650 |
_aLecturas. _96094 |
||
| 650 |
_aComprensión lectora. _94534 |
||
| 942 |
_2ddc _cLIBROS |
||
| 945 |
_arum _d2019-04-26 |
||